| 000 | 01444nam a2200385 a 4500 | ||
|---|---|---|---|
| 001 | ebr10161469 | ||
| 003 | CaPaEBR | ||
| 006 | m u | ||
| 007 | cr cn||||||||| | ||
| 008 | 061121s2006 enka sb 001 0 eng d | ||
| 010 | _z 2006491673 | ||
| 020 | _z9789241563192 | ||
| 020 | _z9241563192 | ||
| 020 | _z9781900222969 (IWA) | ||
| 020 | _z1900222965 (IWA) | ||
| 020 | _z9789240681958 | ||
| 040 |
_aCaPaEBR _cCaPaEBR |
||
| 035 | _a(OCoLC)124507351 | ||
| 050 | 1 | 4 |
_aRA591.7 _b.F56 2006eb |
| 245 | 0 | 0 |
_aFluoride in drinking-water _h[electronic resource] / _cJ. Fawell, K. Bailey ... [et al.]. |
| 260 |
_aLondon ; _aSeattle : _bIWA Pub., _c2006. |
||
| 300 |
_a134 p. : _bill. |
||
| 490 | 1 | _aWHO drinking water quality series | |
| 504 | _aIncludes bibliographical references and index. | ||
| 533 |
_aElectronic reproduction. _bPalo Alto, Calif. : _cebrary, _d2013. _nAvailable via World Wide Web. _nAccess may be limited to ebrary affiliated libraries. |
||
| 650 | 0 |
_aWater _xFluoridation. |
|
| 650 | 0 |
_aDrinking water _xPurification. |
|
| 650 | 0 |
_aFluorides _xPhysiological effect. |
|
| 655 | 7 |
_aElectronic books. _2local |
|
| 700 | 1 |
_aFawell, J. K. _q(John Kirtley), _d1945- |
|
| 700 | 1 | _aBailey, Kenneth. | |
| 710 | 2 | _aebrary, Inc. | |
| 830 | 0 | _aWHO drinking water quality series. | |
| 856 | 4 | 0 |
_uhttp://site.ebrary.com/lib/rucke/Doc?id=10161469 _zAn electronic book accessible through the World Wide Web; click to view |
| 999 |
_c132656 _d132656 |
||